000 00331nam a2200133Ia 4500
008 240624s9999 xx 000 0 und d
041 _aeng
082 _a005.133 EVE
100 _aEVERITT BRIAN
245 _aINTRODUCTION TO APPLIED MULTIVARIATE ANA
260 _c2011
_aLondon
_bSpringer
300 _a274 : p.
365 _cERU
_b30
999 _c26590
_d26590